[Event "Faxe EMT 2010"]
[Site "Faxe"]
[Date "2010.04.28"]
[Round "6"]
[White "Hansen, Borge"]
[Black "Johannsen, Bjorn"]
[Result "1/2-1/2"]
[WhiteElo "1525"]
[BlackElo "1553"]
[PlyCount "60"]
[EventDate "2010.??.??"]

1. e4 c6 2. Nf3 d5 3. exd5 cxd5 4. d4 Nc6 5. Be2 e6 6. O-O Bd6 7. Be3 Bd7 8.
Qc1 Rc8 9. c3 Nf6 10. Nbd2 h6 11. h3 Qe7 12. Re1 O-O 13. Bb5 a6 14. Bd3 Rfe8
15. Qd1 b5 16. a3 e5 17. dxe5 Nxe5 18. Bd4 Nxf3+ 19. Nxf3 Be6 20. Be5 Bxe5 21.
Nxe5 Nd7 22. Nf3 Qf6 23. Nd4 Nc5 24. Bc2 Bd7 25. f3 Qg5 26. Kh1 Rxe1+ 27. Qxe1
Re8 28. Qf2 Qe7 29. Rd1 Be6 30. Re1 Qc7 1/2-1/2

[Event "Faxe EMT 2010"]
[Site "Faxe"]
[Date "2010.04.28"]
[Round "6"]
[White "Larsen, Paul M"]
[Black "Hansen, Egon"]
[Result "1/2-1/2"]
[WhiteElo "1472"]
[BlackElo "1522"]
[PlyCount "73"]
[EventDate "2010.??.??"]

1. d4 Nf6 2. c4 g6 3. Nc3 d5 4. cxd5 Nxd5 5. e4 Nxc3 6. bxc3 c5 7. d5 Bg7 8.
Bb2 O-O 9. Rb1 e6 10. Nf3 exd5 11. exd5 Re8+ 12. Be2 Qe7 13. c4 Bf5 14. Bxg7
Bxb1 15. Bh6 Bf5 16. Be3 Qd6 17. Qd2 b6 18. O-O Nd7 19. Nh4 Qf6 20. Nxf5 Qxf5
21. Bd3 Qe5 22. Re1 Re7 23. f4 Qf6 24. Rf1 Rae8 25. Bf2 Qg7 26. Kh1 f5 27. a4
Nf6 28. Qc2 Ne4 29. Bh4 Rd7 30. Re1 Rd6 31. g4 Qd4 32. gxf5 gxf5 33. Bxe4 Rxe4
34. Rxe4 fxe4 35. f5 Qa1+ 36. Kg2 Qg7+ 37. Bg3 1/2-1/2

[Event "Faxe EMT 2010"]
[Site "Faxe"]
[Date "2010.04.28"]
[Round "6"]
[White "Hansen, Arne Mandrup"]
[Black "Wehlast, Svend Erik"]
[Result "0-1"]
[WhiteElo "1425"]
[BlackElo "1500"]
[PlyCount "58"]
[EventDate "2010.??.??"]

1. d4 d5 2. Bf4 Bf5 3. e3 Nf6 4. Nf3 h6 5. c4 e6 6. Nc3 c5 7. dxc5 Bxc5 8. cxd5
exd5 9. Qb3 Bb6 10. Rd1 Be6 11. Bb5+ Nc6 12. Qa4 O-O 13. Bxc6 bxc6 14. Qxc6 Rc8
15. Qa4 Rc4 16. Qb3 Qa8 17. O-O Rxf4 18. exf4 d4 19. Qa3 dxc3 20. bxc3 Ne4 21.
Nd2 Nxd2 22. Rxd2 Bd5 23. Rfd1 Bxg2 24. c4 Rc8 25. Qg3 Bf3 26. Rc1 Qe4 27. h4
Bc7 28. Kf1 Bxf4 29. Rd4 Qe2+ 0-1

[Event "Faxe EMT 2010"]
[Site "Faxe"]
[Date "2010.04.28"]
[Round "6"]
[White "Nielsen, Harald"]
[Black "Olsen, Michael2"]
[Result "1-0"]
[WhiteElo "1460"]
[BlackElo "1209"]
[PlyCount "63"]
[EventDate "2010.??.??"]

1. e4 e6 2. Nf3 d5 3. exd5 exd5 4. d4 Nf6 5. Bb5+ Bd7 6. Bxd7+ Nbxd7 7. O-O Be7
8. Re1 O-O 9. Bg5 h6 10. Bh4 Nh7 11. Bxe7 Qc8 12. Bxf8 Qxf8 13. Nc3 c6 14. Ne5
Ndf6 15. h3 Ne8 16. a3 Nd6 17. Qd2 Nf6 18. Re2 Qc8 19. Rae1 Qf5 20. b3 Nde4 21.
Qd3 Rd8 22. f3 Qg5 23. fxe4 Nh5 24. exd5 Nf4 25. Qe3 Re8 26. Rf2 f6 27. Qxf4
Qh5 28. Rfe2 fxe5 29. Rxe5 Rxe5 30. Qxe5 Qh4 31. d6 Kh7 32. Qe4+ 1-0

[Event "Faxe EMT 2010"]
[Site "Faxe"]
[Date "2010.04.28"]
[Round "6"]
[White "Christoffersen, Ib"]
[Black "Andersen, Hans Poul"]
[Result "1/2-1/2"]
[WhiteElo "1460"]
[BlackElo "1172"]
[PlyCount "107"]
[EventDate "2010.??.??"]

1. d4 d5 2. Nc3 Nf6 3. Bf4 Bd7 4. e3 e6 5. a3 a6 6. Bd3 h6 7. Nge2 Nc6 8. h3
Bd6 9. Bxd6 cxd6 10. Ng3 O-O 11. Qe2 e5 12. dxe5 dxe5 13. e4 d4 14. Nd5 Be6 15.
Nxf6+ Qxf6 16. Nh5 Qg5 17. Ng3 Ne7 18. h4 Qg4 19. Qd2 Ng6 20. Be2 Qf4 21. Qxf4
Nxf4 22. Bf3 Rac8 23. Kd2 Rfe8 24. Nf1 Rc7 25. g3 Ng6 26. Be2 Rec8 27. Bd3 Bc4
28. Rc1 Bxd3 29. Kxd3 Ne7 30. Nd2 Rc5 31. Nb3 Rb5 32. Rhe1 Nc6 33. Re2 Na5 34.
Nxa5 Rxa5 35. f4 f6 36. Rf1 Rac5 37. Rc1 b5 38. Rf2 a5 39. Rg2 b4 40. axb4 axb4
41. b3 Ra8 42. Rgg1 Ra3 43. Rg2 Rxb3+ 44. cxb3 Rxc1 45. Rc2 Rxc2 46. Kxc2 Kf7
47. Kd3 Ke7 48. Kc4 Kd6 49. Kxb4 h5 50. f5 Kc6 51. Kc4 Kb6 52. b4 Kc6 53. b5+
Kb6 54. Kb4 1/2-1/2

[Event "Faxe EMT 2010"]
[Site "Faxe"]
[Date "2010.04.28"]
[Round "6"]
[White "Larsen, Poul Erik"]
[Black "Joost, Kjeld"]
[Result "1/2-1/2"]
[WhiteElo "1300"]
[BlackElo "1334"]
[PlyCount "43"]
[EventDate "2010.??.??"]

1. c4 e5 2. Nc3 Nf6 3. e4 Bb4 4. d3 c6 5. Bd2 d5 6. exd5 cxd5 7. Qa4+ Nc6 8.
O-O-O Bxc3 9. Bxc3 d4 10. Bb4 Bd7 11. Re1 Qb6 12. Ba3 Rc8 13. Nf3 Qc7 14. h3
Na5 15. Qb4 Nc6 16. Qd2 Be6 17. Qg5 Rg8 18. Nxe5 h6 19. Qf4 Nh5 20. Qe4 Nf6 21.
Qe2 Na5 22. b3 1/2-1/2

[Event "Faxe EMT 2010"]
[Site "Faxe"]
[Date "2010.04.28"]
[Round "6"]
[White "Toftvang, Ove"]
[Black "Jakobsen, Henning"]
[Result "0-1"]
[WhiteElo "1268"]
[BlackElo "1230"]
[PlyCount "144"]
[EventDate "2010.??.??"]

1. d4 Nf6 2. Nf3 d6 3. Bg5 Nbd7 4. c4 g6 5. Nc3 Bg7 6. Qd2 O-O 7. Bh6 e5 8.
Bxg7 Kxg7 9. e4 Re8 10. d5 Nc5 11. h3 Nfxe4 12. Nxe4 Nxe4 13. Qe3 f5 14. Bd3
Nc5 15. Be2 f4 16. Qc3 Ne4 17. Qc1 Bf5 18. b4 b6 19. Bd3 Nxf2 20. Kxf2 Bxd3 21.
Qc3 Be4 22. Rhe1 Bxf3 23. Qxf3 Qh4+ 24. Kg1 Qg3 25. Qxg3 fxg3 26. Re3 Rf8 27.
Rxg3 Rf4 28. Rc1 Raf8 29. a3 h5 30. Rcc3 h4 31. Rgf3 Rxf3 32. gxf3 g5 33. Kg2
Kf6 34. Re3 Kf5 35. Re4 Kg6 36. Kf2 Rf4 37. Ke3 Kf5 38. b5 Kg6 39. Kf2 Kf5 40.
Ke3 Kg6 41. Kf2 Kh5 42. Ke3 Kg6 43. Kf2 Rxe4 44. fxe4 g4 45. hxg4 Kg5 46. Kf3
h3 47. Kg3 h2 48. Kxh2 Kxg4 49. Kg2 Kf4 50. Kf2 Kxe4 51. Ke2 Kd4 52. Kd2 Kxc4
53. a4 Kxd5 54. Kd3 Kc5 55. Ke4 Kc4 56. Kf5 Kd5 57. Kf6 e4 58. Ke7 e3 59. Kd7
e2 60. Kxc7 e1=Q 61. Kb7 Qa5 62. Kc7 Qxa4 63. Kb7 Qa5 64. Kc7 Qxb5 65. Kb7 Qa5
66. Kc7 b5+ 67. Kb8 Qb6+ 68. Ka8 Qa5 69. Kb7 Kc5 70. Kc8 Kc6 71. Kb8 Qc7+ 72.
Ka8 Qb7# 0-1

[Event "Faxe EMT 2010"]
[Site "Faxe"]
[Date "2010.04.28"]
[Round "6"]
[White "Lillebro, Verner"]
[Black "Eriksen, Knud Ejler"]
[Result "0-1"]
[WhiteElo "1224"]
[BlackElo "1060"]
[PlyCount "86"]
[EventDate "2010.??.??"]

1. e4 e5 2. Nf3 Nc6 3. Bb5 Nf6 4. O-O Bc5 5. d3 d6 6. h3 Bd7 7. Bg5 a6 8. Ba4
Qe7 9. Nc3 h6 10. Nd5 Qd8 11. Bh4 g5 12. Nxg5 Nxd5 13. Nf3 f6 14. exd5 Nd4 15.
Bxd7+ Kxd7 16. Nxd4 Bxd4 17. Qg4+ Ke8 18. Qg6+ Kd7 19. Bxf6 Qg8 20. Qf5+ Ke8
21. Bxh8 Qxh8 22. c3 Bb6 23. Rae1 Ke7 24. Qe6+ Kf8 25. Kh1 Re8 26. Qf5+ Ke7 27.
f4 Rf8 28. Qe6+ Kd8 29. d4 Rf6 30. Qg4 exd4 31. cxd4 Bxd4 32. b3 h5 33. Qf3 Rf7
34. Qe4 Bc3 35. Re2 Be5 36. Rf3 Bf6 37. Rfe3 Re7 38. Qg6 Rxe3 39. Rxe3 h4 40.
Re6 Bd4 41. Re2 Bc5 42. f5 Qa1+ 43. Kh2 Qg1# 0-1

[Event "Faxe EMT 2010"]
[Site "Faxe"]
[Date "2010.05.05"]
[Round "7"]
[White "Christensen, Lars (1957)"]
[Black "Arendal, Gustav"]
[Result "1-0"]
[WhiteElo "1992"]
[BlackElo "1890"]
[PlyCount "77"]
[EventDate "2010.??.??"]

1. e4 e5 2. f4 exf4 3. Nf3 Be7 4. Bc4 d6 5. d4 g5 6. O-O Be6 7. d5 Bg4 8. Qd4
Bf6 9. e5 dxe5 10. Nxe5 Nd7 11. Bb5 Nh6 12. Qe4 Qe7 13. Nxd7 Bxd7 14. Bxd7+
Kxd7 15. Qa4+ Kc8 16. Nc3 Qc5+ 17. Kh1 Ng4 18. Ne4 Qxd5 19. Nxf6 Nxf6 20. Bxf4
gxf4 21. Qxf4 Rg8 22. Rf2 Ne4 23. Rf3 Qg5 24. Qxg5 Nxg5 25. Rf5 Rg7 26. Raf1 a5
27. h4 Ne4 28. Rxf7 Rxf7 29. Rxf7 Ra6 30. Rxh7 Rc6 31. c3 Nf2+ 32. Kg1 Nd1 33.
g4 Nxb2 34. g5 Rxc3 35. Kh2 Kd8 36. h5 Ke8 37. g6 Rc6 38. Rh8+ Ke7 39. g7 1-0

[Event "Faxe EMT 2010"]
[Site "Faxe"]
[Date "2010.05.05"]
[Round "7"]
[White "Andersen, Bjarne Hjorth"]
[Black "Hansen, Jens Hjort"]
[Result "1-0"]
[WhiteElo "1860"]
[BlackElo "1975"]
[PlyCount "91"]
[EventDate "2010.??.??"]

1. e4 c5 2. Nf3 d6 3. Bb5+ Nc6 4. O-O e6 5. d4 cxd4 6. Nxd4 Nge7 7. Re1 a6 8.
Bf1 Ng6 9. Be3 Be7 10. c4 O-O 11. Nc3 Bd7 12. Qd2 Rc8 13. b3 Nge5 14. h3 Nxd4
15. Bxd4 Nc6 16. Be3 Qa5 17. Rad1 Rfd8 18. Na4 Qh5 19. Bb6 Re8 20. c5 Ne5 21.
cxd6 Bf6 22. f4 Ng6 23. e5 Bd8 24. Rc1 Bxa4 25. Bxd8 Rcxd8 26. bxa4 Rd7 27. Rc7
Red8 28. Rec1 f6 29. Rxd7 Rxd7 30. Rc7 Nf8 31. Qc3 Qf7 32. Qc5 fxe5 33. fxe5 h5
34. Qc4 g5 35. Be2 Qg7 36. Rxd7 Qxd7 37. Bxh5 Qg7 38. Qc7 Nd7 39. Qd8+ Nf8 40.
Qe7 Qxe5 41. Qf7+ Kh8 42. Qxf8+ Kh7 43. Qf7+ Kh8 44. d7 Qe3+ 45. Qf2 Qc1+ 46.
Qf1 1-0

[Event "Faxe EMT 2010"]
[Site "Faxe"]
[Date "2010.05.05"]
[Round "7"]
[White "Hansen, Knud"]
[Black "Jensen, Leif"]
[Result "0-1"]
[WhiteElo "1446"]
[BlackElo "2007"]
[PlyCount "102"]
[EventDate "2010.??.??"]

1. e4 e6 2. d4 d5 3. exd5 exd5 4. g3 c6 5. Bg2 Bd6 6. Ne2 Nf6 7. O-O O-O 8. Bf4
Re8 9. Bxd6 Qxd6 10. Nd2 Bf5 11. Re1 Nbd7 12. Nf4 Rxe1+ 13. Qxe1 Bxc2 14. Rc1
Re8 15. Qf1 Bg6 16. Nxg6 hxg6 17. Nf3 Ne4 18. Qd3 Ndf6 19. Nd2 Nxd2 20. Qxd2
Qe7 21. Bf3 Qd7 22. Kg2 Re7 23. Re1 Ne8 24. Re3 Rxe3 25. Qxe3 Nd6 26. b3 Qe8
27. Qd2 a6 28. Qb4 Qe7 29. a4 Kf8 30. h3 Nc8 31. Qc3 Nd6 32. Qd2 Nf5 33. Qf4
Qd6 34. Qd2 Kg8 35. Bg4 Ne7 36. Qe1 Qc7 37. Qe3 a5 38. Qe1 b6 39. Qe2 Kh7 40.
Qd3 f5 41. Bf3 Ng8 42. Qd2 Qd6 43. Qe3 Nf6 44. Qd3 Ne4 45. Qc2 Qe6 46. Kf1 Nf6
47. Qd2 Qe7 48. Qc2 Qb4 49. Qd3 Ne4 50. Ke2 Nc3+ 51. Kf1 Qxb3 0-1

[Event "Faxe EMT 2010"]
[Site "Faxe"]
[Date "2010.05.05"]
[Round "7"]
[White "Eriksen, Knud Ejler"]
[Black "Lindskov, Villy"]
[Result "0-1"]
[WhiteElo "1060"]
[BlackElo "1767"]
[PlyCount "112"]
[EventDate "2010.??.??"]

1. e4 c5 2. Nf3 d6 3. Bb5+ Bd7 4. Bxd7+ Nxd7 5. d3 e6 6. b3 Ne7 7. Bb2 Nc6 8.
Nbd2 e5 9. c3 Be7 10. Qe2 O-O 11. O-O Nb6 12. Rac1 f5 13. exf5 Rxf5 14. d4 Qc7
15. Qd3 Raf8 16. dxe5 dxe5 17. Rce1 Rh5 18. Ne4 Rd8 19. Qe2 Rh6 20. Qe3 Nd5 21.
Qe2 Kh8 22. Nfg5 Bxg5 23. Nxg5 Nf4 24. Qc4 Rf6 25. Qe4 Ng6 26. Qc2 b6 27. a3 h6
28. Ne4 Re6 29. Ng3 Qf7 30. Re3 Rf6 31. Qe2 Nf4 32. Qc2 Rfd6 33. Ne4 R6d7 34.
Ree1 Nd3 35. Rb1 Qf4 36. f3 g5 37. Bc1 Nxc1 38. Qxc1 Kg7 39. Nf2 Rd2 40. Rd1
Qe3 41. Rxd2 Rxd2 42. Qe1 Qxc3 43. Ne4 Qd4+ 44. Kh1 Rd3 45. Nf2 Re3 46. Qc1 Qc3
47. Qxc3 Rxc3 48. Ne4 Rd3 49. h3 Kf7 50. Kh2 Nd4 51. Nd6+ Ke6 52. Nc8 Rxb3 53.
Rxb3 Nxb3 54. Nxa7 Nd4 55. Kg1 Kd7 56. Kf2 Kc7 0-1

[Event "Faxe EMT 2010"]
[Site "Faxe"]
[Date "2010.05.05"]
[Round "7"]
[White "Johannsen, Bjorn"]
[Black "Eriksen, Keld"]
[Result "1-0"]
[WhiteElo "1553"]
[BlackElo "1633"]
[PlyCount "63"]
[EventDate "2010.??.??"]

1. d4 e5 2. dxe5 Nc6 3. Nf3 Qe7 4. Nc3 Nxe5 5. e3 c6 6. Nxe5 Qxe5 7. Bd3 Nf6 8.
f4 Qc7 9. Qf3 d5 10. h3 h5 11. Bd2 Bd7 12. a3 O-O-O 13. O-O-O g6 14. e4 d4 15.
Nb1 Bg7 16. c4 c5 17. e5 Bc6 18. Qe2 Rhe8 19. Rhg1 Nd7 20. Qf1 Nf8 21. Re1 f6
22. exf6 Bxf6 23. g4 Bh4 24. Rxe8 Rxe8 25. f5 Be4 26. Bxe4 Rxe4 27. fxg6 Re8
28. gxh5 Ne6 29. h6 Rf8 30. Qe2 Nf4 31. Qg4+ Kb8 32. g7 1-0

[Event "Faxe EMT 2010"]
[Site "Faxe"]
[Date "2010.05.05"]
[Round "7"]
[White "Christoffersen, Per"]
[Black "Hansen, Aage"]
[Result "1/2-1/2"]
[WhiteElo "1477"]
[BlackElo "1607"]
[PlyCount "126"]
[EventDate "2010.??.??"]

1. d4 d5 2. Nf3 Bf5 3. e3 e6 4. Bd3 Bxd3 5. Qxd3 Nc6 6. O-O Nf6 7. a3 Bd6 8.
Nbd2 O-O 9. c4 dxc4 10. Nxc4 Re8 11. e4 Nd7 12. Be3 Be7 13. Rad1 b5 14. Ncd2 a6
15. b4 Nf6 16. Rc1 Qd7 17. Qc3 Nd8 18. Qxc7 Qxc7 19. Rxc7 Bd6 20. Rc2 Ng4 21.
Rfc1 Nxe3 22. fxe3 a5 23. Rc8 Rxc8 24. Rxc8 axb4 25. axb4 Kf8 26. e5 Bxb4 27.
Rb8 Nc6 28. Rxb5 Rd8 29. Nb3 Rb8 30. Rxb8+ Nxb8 31. Kf1 Nd7 32. Ke2 Ke7 33. Kd3
Nb6 34. e4 h6 35. h4 g6 36. g4 Ba3 37. Nfd2 h5 38. gxh5 gxh5 39. Nf1 Kf8 40.
Ng3 Be7 41. Nxh5 Nd7 42. Nf4 Bxh4 43. Na5 Be7 44. Nc6 Ba3 45. Ne2 Ke8 46. Nc3
Nb6 47. Nb5 Bf8 48. Na5 Kd7 49. Nc4 Nxc4 50. Kxc4 Be7 51. d5 f6 52. Kd4 fxe5+
53. Kxe5 exd5 54. Kxd5 Bf6 55. Na3 Bg7 56. Nc4 Ke7 57. Nd6 Ba1 58. Nf5+ Kf6 59.
Nd4 Ke7 60. e5 Bb2 61. Nf5+ Ke8 62. e6 Ba3 63. Kc6 Bb4 1/2-1/2

[Event "Faxe EMT 2010"]
[Site "Faxe"]
[Date "2010.05.05"]
[Round "7"]
[White "Eckert, Svend"]
[Black "Hansen, Borge"]
[Result "1/2-1/2"]
[WhiteElo "1510"]
[BlackElo "1525"]
[PlyCount "49"]
[EventDate "2010.??.??"]

1. c4 e5 2. e3 Nf6 3. Nc3 Be7 4. Qc2 c6 5. Nf3 d6 6. d4 exd4 7. exd4 Bg4 8. Be2
O-O 9. O-O Nbd7 10. Re1 Re8 11. b3 Nb6 12. Bb2 Qc8 13. Ng5 Bf5 14. Bd3 Bxd3 15.
Qxd3 h6 16. Nge4 Qf5 17. Nxf6+ Qxf6 18. Re2 Bf8 19. Rae1 Rxe2 20. Rxe2 Qd8 21.
d5 c5 22. Ne4 Qd7 23. Qg3 Kh7 24. Qd3 Kg8 25. Qg3 1/2-1/2

[Event "Faxe EMT 2010"]
[Site "Faxe"]
[Date "2010.05.05"]
[Round "7"]
[White "Sorensen, Lindved"]
[Black "Hansen, Egon"]
[Result "1/2-1/2"]
[WhiteElo "1598"]
[BlackElo "1522"]
[PlyCount "111"]
[EventDate "2010.??.??"]

1. Nf3 d5 2. c4 Nf6 3. b3 Bg4 4. Ne5 Bf5 5. Bb2 Nbd7 6. d4 e6 7. cxd5 exd5 8.
e3 Bd6 9. Be2 O-O 10. O-O c6 11. Nd2 Qc7 12. Ndf3 Ng4 13. Nh4 Ngxe5 14. Nxf5
Ng6 15. Nxd6 Qxd6 16. a4 Rfe8 17. Ba3 Qe6 18. Bg4 f5 19. Bh3 Nf6 20. Qf3 Ng4
21. Bxg4 fxg4 22. Qg3 Rad8 23. Rac1 Rd7 24. Rc3 Rf7 25. Bc5 a6 26. f4 Ne7 27.
Ba3 h5 28. Qh4 g6 29. Qe1 Nf5 30. Bc1 Nxd4 31. Rd3 Nf5 32. Qc3 Qf6 33. Qd2 Rfe7
34. Bb2 Qe6 35. Qc3 Rh7 36. Qe5 Qf7 37. Qc3 Nd6 38. Qb4 Ne4 39. Be5 Qe7 40. Qd4
Rf7 41. g3 Nc5 42. Rc3 Nd7 43. Bc7 Qf6 44. Qd2 Re4 45. Rd3 Rf8 46. Ba5 Rfe8 47.
Bc3 Qe6 48. Re1 Nc5 49. Bd4 Nxd3 50. Qxd3 Qf7 51. Ba1 R8e7 52. Qc3 d4 53. Qb2
c5 54. Kf2 Rxe3 55. Rxe3 Rxe3 56. Qc2 1/2-1/2

[Event "Faxe EMT 2010"]
[Site "Faxe"]
[Date "2010.05.05"]
[Round "7"]
[White "Wehlast, Svend Erik"]
[Black "Refsgaard, Kaj"]
[Result "1-0"]
[WhiteElo "1500"]
[BlackElo "1584"]
[PlyCount "67"]
[EventDate "2010.??.??"]

1. d4 d5 2. Bf4 Nf6 3. h3 g6 4. e3 Bg7 5. Nf3 O-O 6. c4 c6 7. Nbd2 Bf5 8. c5
Ne4 9. Be2 h6 10. g4 Nxd2 11. Qxd2 Be6 12. g5 h5 13. Bd3 Nd7 14. b4 b6 15. Nh4
bxc5 16. bxc5 Nxc5 17. Rc1 Nxd3+ 18. Qxd3 Qd7 19. f3 Rac8 20. Rh2 Qb7 21. Be5
Qb4+ 22. Rd2 Qb5 23. Qa3 Bxe5 24. dxe5 Rc7 25. Rb2 Rb8 26. Rxb5 Rxb5 27. Qd3
Rb4 28. Nxg6 Bxh3 29. Nf4 Bd7 30. e6 Be8 31. exf7+ Bxf7 32. g6 Be8 33. Ne6 Rcb7
34. Qf5 1-0

[Event "Faxe EMT 2010"]
[Site "Faxe"]
[Date "2010.05.05"]
[Round "7"]
[White "Strandsbjerg, Jens"]
[Black "Larsen, Paul M"]
[Result "0-1"]
[WhiteElo "1555"]
[BlackElo "1472"]
[PlyCount "68"]
[EventDate "2010.??.??"]

1. d4 Nf6 2. c4 e6 3. Nf3 b6 4. g3 Bb7 5. Bg2 d5 6. O-O Nbd7 7. cxd5 exd5 8.
Bg5 Be7 9. Nc3 c6 10. Rc1 O-O 11. Re1 Ne4 12. Bxe7 Qxe7 13. e3 f5 14. Ne2 Kh8
15. Nd2 Rac8 16. a3 g5 17. b4 Rce8 18. Nxe4 fxe4 19. Nc3 Qf7 20. Re2 Ba6 21.
Rb2 Bc4 22. Bf1 Nf6 23. Bxc4 dxc4 24. Qf1 b5 25. a4 a6 26. axb5 axb5 27. Ra1
Ra8 28. Rba2 Rxa2 29. Rxa2 Nd5 30. Nxe4 Nxe3 31. Qe2 Nd5 32. Qb2 Qf5 33. Qb1
Re8 34. Re2 Nc3 0-1

[Event "Faxe EMT 2010"]
[Site "Faxe"]
[Date "2010.05.05"]
[Round "7"]
[White "Brinkhard, Anders"]
[Black "Christoffersen, Ib"]
[Result "1-0"]
[WhiteElo "1439"]
[BlackElo "1460"]
[PlyCount "97"]
[EventDate "2010.??.??"]

1. Nf3 d5 2. d4 Nc6 3. c3 Bf5 4. Bf4 e6 5. h3 Bd6 6. Bxd6 Qxd6 7. e3 Nf6 8. Bd3
O-O 9. Bxf5 exf5 10. O-O Ne4 11. Nbd2 Rae8 12. c4 b6 13. cxd5 Qxd5 14. Qb3 Qd7
15. Nc4 Re7 16. Rad1 Qd5 17. Ncd2 Qd7 18. Nc4 Qe8 19. Nce5 Nxe5 20. Nxe5 c5 21.
Nf3 cxd4 22. Nxd4 Nc5 23. Qd5 Re5 24. Qc4 Kh8 25. Qc2 Ne4 26. Nf3 Rc5 27. Qb3
h6 28. Rd4 Qc6 29. Nd2 Nxd2 30. Rxd2 Qc7 31. Qd3 f4 32. e4 Rg5 33. Qd6 Qc8 34.
Qxf4 Qxh3 35. Qxg5 hxg5 36. gxh3 Re8 37. f3 f6 38. Rfd1 Kh7 39. Kg2 Re6 40. Rd7
a5 41. R7d6 Re7 42. Rxb6 Rc7 43. Rd2 Rc5 44. b4 axb4 45. Rxb4 Rc7 46. a4 Kg6
47. Ra2 Kh5 48. Rb8 Kg6 49. a5 1-0

[Event "Faxe EMT 2010"]
[Site "Faxe"]
[Date "2010.05.05"]
[Round "7"]
[White "Nielsen, Harald"]
[Black "Larsen, Poul Erik"]
[Result "1-0"]
[WhiteElo "1460"]
[BlackElo "1300"]
[PlyCount "73"]
[EventDate "2010.??.??"]

1. e4 e5 2. Bc4 Bc5 3. c3 Qf6 4. Qf3 d6 5. d3 Nc6 6. Bg5 Qxf3 7. Nxf3 h6 8. Be3
Bxe3 9. fxe3 Nge7 10. O-O Bd7 11. Nbd2 a6 12. a4 O-O 13. h3 Na5 14. Ba2 b6 15.
b4 Nb7 16. Bb3 c5 17. Nc4 Nc8 18. Nfd2 b5 19. axb5 Bxb5 20. Nb2 Nb6 21. c4 Bc6
22. bxc5 Nxc5 23. Bc2 Rfe8 24. Nb3 Nxb3 25. Bxb3 Re7 26. Bc2 Nd7 27. Na4 Rb8
28. Rfb1 Ree8 29. Nc3 Nc5 30. Nd5 Bxd5 31. exd5 Ra8 32. Rb6 Red8 33. d4 Nd7 34.
Rxd6 exd4 35. exd4 Nf6 36. Raxa6 Rxd6 37. Rxa8+ 1-0

[Event "Faxe EMT 2010"]
[Site "Faxe"]
[Date "2010.05.05"]
[Round "7"]
[White "Joost, Kjeld"]
[Black "Andersen, Hans E"]
[Result "1/2-1/2"]
[WhiteElo "1334"]
[BlackElo "1433"]
[PlyCount "90"]
[EventDate "2010.??.??"]

1. e4 e5 2. Nf3 Nc6 3. Nc3 Bc5 4. Bb5 d6 5. d4 exd4 6. Nxd4 Bd7 7. Nf5 Qf6 8.
Nd5 Qe5 9. Nxc7+ Kd8 10. Nxa8 g6 11. Ng3 Nf6 12. c3 Nxe4 13. O-O Nxg3 14. hxg3
Qxg3 15. Qf3 Qxf3 16. gxf3 d5 17. Bf4 a6 18. Ba4 Ne7 19. Bxd7 Kxd7 20. Nc7 Bd6
21. Bxd6 Kxd6 22. Nxd5 Kxd5 23. Rad1+ Kc6 24. Rfe1 Nf5 25. Re4 b5 26. a4 h5 27.
a5 h4 28. Rde1 Nd6 29. Re7 Ra8 30. b4 Kd5 31. R1e5+ Kc4 32. Rc7+ Kb3 33. Ree7
Nc4 34. Ra7 Rxa7 35. Rxa7 Kxc3 36. Rxa6 Kxb4 37. Ra7 Nxa5 38. Rxf7 Kb3 39. Rf4
b4 40. Rxh4 Kc3 41. Rxb4 Kxb4 42. Kg2 Nc6 43. Kg3 Ne5 44. f4 Nf7 45. Kg4 Kc5
1/2-1/2

[Event "Faxe EMT 2010"]
[Site "Faxe"]
[Date "2010.05.05"]
[Round "7"]
[White "Jakobsen, Henning"]
[Black "Hansen, Arne Mandrup"]
[Result "1/2-1/2"]
[WhiteElo "1230"]
[BlackElo "1425"]
[PlyCount "87"]
[EventDate "2010.??.??"]

1. d4 Nf6 2. c4 d5 3. Nc3 e6 4. Bg5 Nbd7 5. e3 c6 6. Nf3 Qa5 7. Qa4 Qxa4 8.
Nxa4 Bb4+ 9. Nc3 Ne4 10. Rc1 f6 11. Bf4 O-O 12. Bd3 f5 13. O-O Ndf6 14. Na4 Bd7
15. Rfd1 Rac8 16. a3 Be7 17. Ne5 Be8 18. c5 Nh5 19. f3 Nef6 20. Bg5 h6 21. Bxf6
Nxf6 22. Nc3 Nd7 23. f4 Nxe5 24. fxe5 g5 25. Ne2 h5 26. g3 h4 27. gxh4 gxh4 28.
Nf4 Bf7 29. Kf2 Kh7 30. Rg1 Rg8 31. Be2 Rxg1 32. Rxg1 Rg8 33. Bh5 Bxh5 34. Rxg8
Kxg8 35. Nxh5 Kf7 36. Kf3 Bg5 37. a4 b6 38. b4 bxc5 39. bxc5 a6 40. Nf4 Bxf4
41. exf4 Kg6 42. Kg2 Kh5 43. Kf3 a5 44. h3 1/2-1/2

[Event "Faxe EMT 2010"]
[Site "Faxe"]
[Date "2010.05.05"]
[Round "7"]
[White "Andersen, Hans Poul"]
[Black "Lillebro, Verner"]
[Result "0-1"]
[WhiteElo "1172"]
[BlackElo "1224"]
[PlyCount "106"]
[EventDate "2010.??.??"]

1. e4 c5 2. c4 Nc6 3. Nf3 g6 4. Nc3 Bg7 5. d3 d6 6. h3 Nf6 7. Be2 O-O 8. O-O e5
9. Bg5 Be6 10. a3 Qd7 11. Bxf6 Bxf6 12. Nd5 Bxd5 13. cxd5 Ne7 14. Rb1 Bg7 15.
Nh2 f5 16. exf5 Nxf5 17. Bg4 Qf7 18. Bxf5 Qxf5 19. Qe2 Rae8 20. Qf3 Qd7 21. Qe2
b6 22. Qc2 Rf5 23. Rbe1 Qb7 24. b4 cxb4 25. axb4 b5 26. Qc6 Qxc6 27. dxc6 Rf4
28. Re4 Rc8 29. Rc1 Bh6 30. Rc2 Rf7 31. Ng4 Bg7 32. Ne3 Bf8 33. Nd5 Rf5 34. c7
Kf7 35. Rc6 Ke6 36. Ne3 Rf7 37. d4 Rfxc7 38. Ra6 Bg7 39. d5+ Kd7 40. Kh2 Rf8
41. Ng4 h5 42. Ne3 Bh6 43. Nd1 Rf4 44. f3 Rxe4 45. fxe4 Bd2 46. Ra2 Bxb4 47.
Rb2 a5 48. Rf2 Ke7 49. Re2 Bc5 50. g4 h4 51. g5 b4 52. Nb2 Bd4 53. Nd3 b3 0-1

[Event "Faxe EMT 2010"]
[Site "Faxe"]
[Date "2010.05.05"]
[Round "7"]
[White "Olsen, Michael2"]
[Black "Toftvang, Ove"]
[Result "0-1"]
[WhiteElo "1209"]
[BlackElo "1268"]
[PlyCount "98"]
[EventDate "2010.??.??"]

1. d4 g6 2. Nf3 d5 3. Nc3 Bg7 4. e3 a6 5. Be2 f5 6. h3 Nf6 7. O-O O-O 8. Nh2 c6
9. f3 Qd6 10. b3 b5 11. a4 b4 12. Nb1 a5 13. c3 Bh6 14. c4 Qe6 15. Qd2 Nh5 16.
f4 Nf6 17. Bf3 Ba6 18. cxd5 cxd5 19. Rf2 Nbd7 20. Bb2 g5 21. Qe1 gxf4 22. Be2
Ne4 23. Rf3 Bxe2 24. Qxe2 Kh8 25. Nd2 Ng3 26. Qe1 Qd6 27. Ndf1 Rg8 28. Bc1 Qe6
29. Bd2 Qf6 30. exf4 Qxd4+ 31. Be3 Ne2+ 32. Kh1 Qc3 33. Qd1 Rac8 34. Ra2 d4 35.
Bxd4+ Nxd4 36. Rxc3 bxc3 37. Qxd4+ Bg7 38. Qd1 Nf6 39. Ne3 Rgd8 40. Qe2 Ne4 41.
Nf3 Ng3+ 42. Kh2 Nxe2 43. Rxe2 Bd4 44. Nc2 Bf6 45. g3 h6 46. h4 Rd3 47. Kg2 Kg7
48. Nce1 Rd1 49. Ne5 Rd2 0-1